000 00266nam a2200109Ia 4500
008 220204s9999 xx 000 0 und d
082 _a392.5
_bGRE
100 _aGreen, Ernest J
245 0 _aMarriage and family
260 _aNew York
_bMcGraw Hill
_c1977
942 _cBK
999 _c29155
_d29155